| 000 | 00416nam a2200145 i 4500 | ||
|---|---|---|---|
| 001 | 149956 | ||
| 003 | ES-MaACL | ||
| 007 | t| | ||
| 008 | 071025s1954 sp ||||1| spa d | ||
| 100 | 1 |
_aValle, Francisca Javiera del. _9112760 |
|
| 245 | 1 | 0 |
_aDecenario al EspĂritu Santo / _cFrancisca Javiera del Valle. |
| 260 |
_aMadrid : _bRialp, _c1954. |
||
| 300 |
_a150 p. ; _c17 cm. |
||
| 852 |
_aES-MaACL _jC-8866 _bR.36655 |
||
| 999 |
_c149956 _d149956 |
||